| 000 | 00566cam a2200157 4500 | ||
|---|---|---|---|
| 082 | 0 | 0 |
_a940.54 _bBLU _cL-30, P-126 |
| 100 | 1 |
_aBlumenson, Martin. _948973 |
|
| 245 | 1 | 0 |
_aSicily: whose victory? _c[By] Martin Blumenson. |
| 260 |
_a[New York, _bBallantine Books, _c1969, c1968] |
||
| 300 |
_a160 p. _billus., plans, ports. _c21 cm. |
||
| 490 | 0 | _aBallantine's illustrated history of World War II. Campaign book | |
| 526 |
_a0 _b0 _c0 _d940_540000000000000_BLU |
||
| 650 | 0 |
_aMCE _9379 |
|
| 650 | 0 |
_aWorld War, 1939-1945 _xCampaigns _zItaly _zSicily. _948974 |
|
| 942 |
_2ddc _cBK |
||
| 999 |
_c551814 _d551814 |
||